Methane generation from human, animal, and agricultural wastes : report of an ad hoc panel of the Advisory Committee on Technology Innovation, Board on Science and Technology for International Development, Commission on International Relations, National Research Council
Αποθηκεύτηκε σε:
| Συλλογικό Έργο: | , |
|---|---|
| Μορφή: | Βιβλίο |
| Γλώσσα: | English |
| Δημοσίευση: |
New York :
Books for Business,
2001, c1977
|
| Θέματα: | |
| Ετικέτες: |
Προσθήκη ετικέτας
Δεν υπάρχουν, Καταχωρήστε ετικέτα πρώτοι!
|
MARC
| LEADER | 00000nam a2200000 i 4500 | ||
|---|---|---|---|
| 001 | 1/91416 | ||
| 008 | 080723r20011977 eng d | ||
| 020 | |a 0-89499-020-9 | ||
| 035 | |l 10099158 | ||
| 040 | |a GR-MY-UA |b gre |e aacr | ||
| 041 | 0 | |a eng | |
| 082 | 0 | |a 665.776 |2 (22) | |
| 245 | 1 | 0 | |a Methane generation from human, animal, and agricultural wastes : |b report of an ad hoc panel of the Advisory Committee on Technology Innovation, Board on Science and Technology for International Development, Commission on International Relations, National Research Council / |c [National Academy of Sciences] |
| 260 | |a New York : |b Books for Business, |c 2001, c1977 | ||
| 300 | |a xiii, 128 σ.; |b εικ.; |c 23 εκ. | ||
| 500 | |a πρωτότυπη έκδοση: Washington, D.C., National Academy of Sciences, 1977 | ||
| 500 | |a Αυτή η έκθεση ετοιμάστηκε από την Panel on Methane Generation of the Advisory Committee on Technology Innovation | ||
| 504 | |a Περιέχει βιβλιογραφικές παραπομπές | ||
| 650 | 0 | 0 | |a Methane. |
| 650 | 0 | 0 | |a Manure gases |x Technology. |
| 650 | 0 | 0 | |a Waste products as fuel. |
| 710 | 2 | |a National Academy of Sciences (U.S.) | |
| 710 | 2 | |a National Research Council (U.S.) | |
| 852 | |a INST |b LESVOS |e 20080723 |h 665.776 ΜΕΤ |p 005100041845 |q 005100041845 |t BK |y 0 | ||
| 901 | |a BIBL1-2008-2 | ||
| 909 | |a Λ |b 151483 | ||
| 922 | |a 1ΕΛΗ |b 200803 |c ΕΠΕΑΕΚ2/ΤΠ |d ΠΑΠΑΣΩΤΗΡΙΟΥ | ||
| 970 | |a ΚΑΡΑ |b ΓΙΑΣΕΜΗ |z 2008/07/23 | ||